000 00269nam a2200121Ia 4500
008 190216s9999||||xx |||||||||||||| ||und||
100 _aV K N
245 0 _aPithamahan
260 _bDc Books Kottayam
_c1996
300 _a378p
650 _aNovel Malayalam
942 _cBK
999 _c25607
_d25607